Every Minecraft Enchant - Statistics

General Stats
  • This quiz has been taken 19 times
  • The average score is 24 of 42
Answer Stats
Primary Item Secondary Item(s) Max Level Enchant % Correct
Breakable Items Brush, Carrot on a Stick, Shield Etc. 1 Mending
94%
Breakable Items Brush, Shield, Shears, Flint and Steel Etc. 3 Unbreaking
94%
Mining Tools Shears 5 Efficiency
88%
Boots N/A 4 Feather Falling
88%
Sword Axe 5 Sharpness
88%
Sword Mace, Axe 5 Bane of Arthropods
75%
Sword Mace 2 Fire Aspect
75%
Armour Turtle Shell 4 Fire Protection
75%
Bow N/A 1 Infinity
75%
Armour Turtle Shell 4 Protection
75%
Armour Turtle Shell 4 Blast Protection
69%
Sword N/A 2 Knockback
69%
Sword N/A 3 Looting
69%
Helmet Turtle Shell 1 Aqua Affinity
63%
Bow N/A 1 Flame
63%
Mining Tools N/A 3 Fortune
63%
Boots N/A 2 Frost Walker
63%
Bow N/A 5 Power
63%
Armour Elytra, Mob Heads, Pumpkin 1 Curse of Binding
56%
All Gear N/A 1 Curse of Vanishing
56%
Crossbow N/A 1 Multishot
56%
Bow N/A 2 Punch
56%
Sword Mace, Axe 5 Smite
56%
Mace N/A 5 Density
50%
Boots N/A 3 Depth Strider
50%
Trident N/A 3 Loyalty
50%
Fishing Rod N/A 3 Luck of the Sea
50%
Crossbow N/A 4 Piercing
50%
Helmet Turtle Shell 3 Respiration
50%
Trident N/A 3 Riptide
50%
Mining Tools Shears 1 Silk Touch
50%
Boots N/A 3 Soul Speed
50%
Chestplate Helmet, Leggings, Boots, Turtle Shell 3 Thorns
50%
Trident N/A 1 Channeling
44%
Armour Turtle Shell 4 Projectile Protection
44%
Sword N/A 3 Sweeping Edge
44%
Mace N/A 4 Breach
38%
Spear N/A 3 Lunge
31%
Crossbow N/A 3 Quick Charge
31%
Leggings N/A 3 Swift Sneak
31%
Mace N/A 3 Wind Burst
31%
Trident N/A 5 Impaling
25%
No matching quizzes found
Score Distribution
Percent of People with Each Score
Percentile by Number Answered
Your Score History
You have not taken this quiz